Darubini ya sarufi : ufafanuzi kamili wa sarufi ya Kiswahili : maswali na mazoezi /

A guide to grammar.

Na minha lista:
Detalhes bibliográficos
Autor principal: Matei, Assumpta K.
Formato: Livro
Publicado em: Nairobi : Phoenix Publishers, c2008.
Assuntos:
Tags: Adicionar Tag
Sem tags, seja o primeiro a adicionar uma tag!

MARC

LEADER 00000cam a2200000 a 4500
020 |a 9789966471505  |c TZS 15,000/= 
040 |a MUL  |b eng  |e AACR 
082 |a 496.3925 
100 1 |a Matei, Assumpta K. 
245 1 0 |a Darubini ya sarufi :  |b ufafanuzi kamili wa sarufi ya Kiswahili : maswali na mazoezi /  |c Assumpta K. Matei. 
260 |a Nairobi :  |b Phoenix Publishers,  |c c2008. 
300 |a 304 p. :  |b ill. ;  |c 21 cm. 
504 |a Includes bibliographical references (p. 303-304). 
520 |a A guide to grammar. 
546 |a In Swahili. 
650 0 |a Swahili language 
942 |c BK 
999 |c 2934  |d 2934